| 000 | 00444nam a2200181Ia 4500 | ||
|---|---|---|---|
| 008 | 230512s2012 xx 000 0 und d | ||
| 041 | _aeng | ||
| 082 | _a4.65 | ||
| 100 | _aWILLIAMS R | ||
| 245 | _aCOMPUTER SYSTEM ARCHITECTURE- A NETWORKING APPROACH | ||
| 250 | _a2 | ||
| 260 |
_bPEARSON EDUCATION PVT. LTD. DELHI110092 _c2012 |
||
| 300 | _a730 | ||
| 365 | _b611 | ||
| 500 | _aPaper Back | ||
| 520 | _aText Book | ||
| 650 | _aComputer | ||
| 999 |
_c416220 _d416220 |
||